Iron Man Villains by Picture - Statistics

General Stats
  • This quiz has been taken 178 times
  • The average score is 11 of 28
Answer Stats
Picture Answer % Correct
M.O.D.O.K.
92%
Mandarin
88%
Whiplash
88%
Iron-Monger
87%
Justin Hammer
71%
Crimson Dynamo
60%
Aldrich Killian
57%
Fin Fang Foom
57%
Ghost
55%
Madame Masque
48%
Titanium Man
45%
Living Laser
37%
Blizzard
35%
Melter
34%
Detroit Steel
32%
Unicorn
31%
Technovore
27%
Crimson Cowl
24%
Dreadknight
23%
Ultimo
23%
Controller
21%
Blood Brothers
20%
Spymaster
18%
Ezekiel Stane
17%
Firebrand
17%
Firepower
12%
Temujin
10%
Vibro
9%
No matching quizzes found
Score Distribution
Percent of People with Each Score
Percentile by Number Answered
Your Score History
You have not taken this quiz